000 00786nam a2200265Ia 4500
003 OSt
005 20220923214608.0
006 a|||||r|||| 00| 0
007 ta
008 220922b |||||||| |||| 00| 0 hin d
024 _a171,160
037 _cTextual
040 _aARTS
_cARTS
_bhin
041 _2hin
_ahin
082 _aO152,3N14,DE, J8;L8
100 _aयशपाल
245 0 _aदेशद्रोही
246 _aDeshadrohī
250 _aसंस्क0 8
260 _aइलाहाबाद
_b लोक भारती प्रका0
_c1978
300 _a253पृ.
_ccm.
650 _aहिन्दी साहित्य
_9156264
942 _hO152,3N14,DE, J8;L8
_cTEXL
_2CC
999 _c325385
_d325385